LEADER 01126nam0 22002651i 450 001 UON00090677 005 20231205102508.788 100 $a20020107d1994 |0itac50 ba 101 $ager 102 $aDE 105 $a|||| ||||| 200 1 $aFormen privater Reprasentation in der Baukunst des 2. und 1. Jahrhunderts v. Chr. / Henner von Hesberg 210 $aKoln$cBohlau$d1994 xii,190 p.$ctav. ; 27 cm 410 1$1001UON00087539$12001 $aArbeiten zur Archaologie$1210 $aKoln$cBohlau$d19- 606 $aARCHITETTURA ANTICA$3UONC027504$2FI 620 $aDE$dKöln$3UONL005641 686 $aH$cARCHITETTURA$2A 700 1$aHESBERG$bHenner : von$3UONV056402$0169223 712 $aBöhlau$3UONV246149$4650 801 $aIT$bSOL$c20240220$gRICA 899 $aSIBA - SISTEMA BIBLIOTECARIO DI ATENEO$2UONSI 912 $aUON00090677 950 $aSIBA - SISTEMA BIBLIOTECARIO DI ATENEO$dSI H 151 $eSI MC 18639 5 996 $aFormen privater Repräsentation in der Baukunst des 2. und 1. Jahrhunderts v. Chr$9490524 997 $aUNIOR LEADER 01593nam0 22003131i 450 001 UON00081951 005 20231205102431.916 010 $a08-7846-120-5 100 $a20020107d1978 |0itac50 ba 101 $aeng 102 $aUS 105 $a|||| ||||| 200 1 $aˆThe ‰mastabas of Kawab, Khafkhufu 1. and 2. : G7110-20, 7130-40 and 7150 and subsidiary mastabas of Street G7100$fBy William Kelly Simpson ... [et al.]$gIn collaboration with the Pennsylvania-Yale Archaeological Expedition to Egypt 210 $aBoston$cMuseum of Fine Arts$d1978 215 $aix, 34 p., 119 p. di tav.$d35 cm 316 $aPrezzo appross.$5IT-UONSI EGIIe/009/3 410 1$1001UON00067361$12001 $aGiza Mastabas$fEdited by Peter Der Manuelian, William Kelly Simpson$v3 606 $aNECROPOLI$xGiza$xAntico Regno$3UONC024266$2FI 606 $aTOMBE EGIZIANE$xAntico Regno$xDescrizioni$3UONC024753$2FI 620 $aUS$dBoston$3UONL000139 676 $a932.012$cSTORIA DELL'EGITTO ANTICO - Antico Regno - 3100-2052 a.c.$v21 700 1$aSIMPSON$bWilliam Kelly$3UONV042357$0660053 712 $aMuseum of Fine Arts$3UONV246579$4650 801 $aIT$bSOL$c20240220$gRICA 899 $aSIBA - SISTEMA BIBLIOTECARIO DI ATENEO$2UONSI 912 $aUON00081951 950 $aSIBA - SISTEMA BIBLIOTECARIO DI ATENEO$dSI EG II e 009/3 $eSI AA 4783 5 009/3 Prezzo appross. 996 $aMastabas of Kawab, Khafkhufu 1. and 2. : G7110-20, 7130-40 and 7150 and subsidiary mastabas of Street G7100$91849446 997 $aUNIOR